International Human Resource Management (Record no. 3908)

MARC details
000 -LEADER
fixed length control field 00441nam a22001697a 4500
005 - DATE AND TIME OF LATEST TRANSACTION
control field 20160625094855.0
008 - FIXED-LENGTH DATA ELEMENTS--GENERAL INFORMATION
fixed length control field 160625b xxu||||| |||| 00| 0 eng d
020 ## - INTERNATIONAL STANDARD BOOK NUMBER
ISBN 81-7446-519-7
041 ## - LANGUAGE CODE
Language code of text/sound track or separate title eng
082 ## - DEWEY DECIMAL CLASSIFICATION NUMBER
Item number 9942
100 ## - MAIN ENTRY--AUTHOR NAME
Personal name Sengupta, Dr. Nilanjan and Bhattacharya Dr Mousumi S
245 ## - TITLE STATEMENT
Title International Human Resource Management
260 ## - PUBLICATION, DISTRIBUTION, ETC. (IMPRINT)
Name of publisher Excel book
Year of publication 2007
300 ## - PHYSICAL DESCRIPTION
Number of Pages 309
650 ## - SUBJECT ADDED ENTRY--TOPICAL TERM
Topical Term Management
942 ## - ADDED ENTRY ELEMENTS (KOHA)
Koha item type Books
Holdings
Lost status Damaged status Collection code Home library Current library Shelving location Date acquired Cost, normal purchase price Full call number Accession Number Koha item type
Lost   MANAGEMENT JRU Library JRU Library SHELF-62 -I 25/06/2016 275.00 9942 9942 Books